Statistiques concernant Drapeaux bleu-blanc-rouge

Cliquez ici pour prendre le quiz!

Statistiques générales

  • Ce quiz a été pris 5,999 fois
  • Le résultat moyen est 18 sur 22

Statistiques - réponses

Answer % Correct
Etats-Unis
99%
France
99%
Australie
98%
Royaume-Uni
98%
Norvège
95%
Russie
93%
Pays-Bas
91%
Nouvelle-Zélande
90%
Islande
85%
République tchèque
82%
Luxembourg
80%
Népal
80%
Cuba
79%
Corée du Nord
79%
Slovaquie
79%
Chili
78%
Panama
75%
Thaïlande
71%
Laos
63%
Taïwan
51%
Liberia
50%
Samoa
39%

Distribution des résultats

Percentile par nombre de réponses

% des personnes avec chaque résultat

Votre développement - résultats

Vous n’avez pas pris ce quiz